000 01513cam a2200433 i 4500
999 _c200452506
_d70718
001 200452506
003 TR-AnTOB
005 20230315170213.0
007 ta
008 031119t20032003dcua rb 000 0 eng d
010 _a 2003384037
020 _a1589062213
035 _a(OCoLC)ocm53462872
035 _a(TR-AnTOB)200452506
040 _aUIA
_beng
_erda
_cUIA
_dDLC
_dTR-AnTOB
041 0 _aeng
043 _ad------
050 0 4 _aHG195
_b.P737 2003
090 _aHG195
_b.P737 2003
100 1 _aPrasad, Eswar S.,
_d1965-
_eauthor
_938998
245 1 0 _aEffects of financial globalization on Developing countries :
_bsome empirical evidence /
_cEswar Prasad [and three others].
264 1 _aWashington, D.C. :
_bInternationl Monetary Fund,
_c2003.
264 4 _c©2003
300 _aix, 54 pages :
_bcolor illustrations ;
_c27 cm
336 _atext
_btxt
_2rdacontent
337 _aunmediated
_bn
_2rdamedia
338 _avolume
_bnc
_2rdacarrier
490 0 _aOccasional paper ;
_v220
504 _aBIB
650 0 _aFinance
_zDeveloping Countries
_9107145
650 0 _aGlobalization
_zDeveloping countries
_92934
653 0 _aGlobalización
653 5 _aPaíses en desarrollo.
710 2 _aInternational Monetary Fund
_979373
856 4 1 _3IMF eLibrary (Open Access)
_zOnline access link to the resource
_uhttps://www.elibrary.imf.org/display/book/9781589062214/9781589062214.xml?rskey=ZZ5pze&result=2
942 _2lcc
_cBK